Hide and Seek - Countries #23 - Statistics

General Stats
  • This quiz has been taken 16 times
  • The average score is 5 of 11
Answer Stats
Answer % Correct
India
80%
Ireland
67%
Niger
60%
All their flags have orange on them.
47%
Bhutan
47%
Ivory Coast
47%
Sri Lanka
47%
Armenia
40%
Cyprus
27%
Zambia
13%
Marshall Islands
7%
No matching quizzes found
Score Distribution
Percent of People with Each Score
Percentile by Number Answered
Your Score History
You have not taken this quiz